MacRoberts on Scottish building contracts (Record no. 107782)

MARC details
000 -LEADER
fixed length control field 01808cam a22003495a 4500
001 - CONTROL NUMBER
control field E141871
008 - FIXED-LENGTH DATA ELEMENTS--GENERAL INFORMATION
fixed length control field 080115s2009 xxk f 001 0 eng d
020 ## - INTERNATIONAL STANDARD BOOK NUMBER
International Standard Book Number 9780470698037
035 ## - SYSTEM CONTROL NUMBER
System control number (Sirsi) u141871
041 0# - LANGUAGE CODE
Language code of text/sound track or separate title eng
050 04 - LIBRARY OF CONGRESS CALL NUMBER
Classification number 692.8 $2 18
110 2# - MAIN ENTRY--CORPORATE NAME
Corporate name or jurisdiction name as entry element MacRoberts
9 (RLIN) 3526
245 00 - TITLE STATEMENT
Title MacRoberts on Scottish building contracts
Medium [electronic resource]
250 ## - EDITION STATEMENT
Edition statement 2nd ed.
260 ## - PUBLICATION, DISTRIBUTION, ETC.
Place of publication, distribution, etc. Oxford
Name of publisher, distributor, etc. Blackwell
Date of publication, distribution, etc. 2009
300 ## - PHYSICAL DESCRIPTION
Extent eBook
350 ## - PRICE (NR) (BK AM CF MU VM SE) [OBSOLETE]
Price 59.50
505 2# - FORMATTED CONTENTS NOTE
Formatted contents note Building contracts in general -- Procurement -- Entering into a building contract -- Employers' obligations -- Contractors' obligations -- Time -- Certification -- Payment -- Ending a building contract -- Remedies -- Sub-contractors and suppliers -- Assignation, delegation and novation -- Rights for third parties -- Insurance, guarantees and bonds -- Dispute resolution -- Adjudication -- Arbitration -- Tax -- Health and safety
520 ## - SUMMARY, ETC.
Summary, etc. This eBook discusses key provisions of the standard Scottish building contracts against the background of Scots law. Covers a new section on Scottish adjudication as well as new developments in novation. Includes index, table of cases, statutes and statutory instruments.
520 ## - SUMMARY, ETC.
Summary, etc. Supersedes 1st edition (ISBN 0632034114).
521 2# - TARGET AUDIENCE NOTE
Target audience note Advanced
590 ## - LOCAL NOTE (RLIN)
Local note KA
650 24 - SUBJECT ADDED ENTRY--TOPICAL TERM
Topical term or geographic name entry element HOUSING GRANTS, CONSTRUCTION AND REGENERATION ACT 1996
650 24 - SUBJECT ADDED ENTRY--TOPICAL TERM
Topical term or geographic name entry element EBOOK
650 24 - SUBJECT ADDED ENTRY--TOPICAL TERM
Topical term or geographic name entry element JCT STANDARD BUILDING CONTRACT (2005 EDITION)
650 24 - SUBJECT ADDED ENTRY--TOPICAL TERM
Topical term or geographic name entry element SBCC STANDARD BUILDING CONTRACT FOR USE IN SCOTLAND (2005 EDITION)
651 #4 - SUBJECT ADDED ENTRY--GEOGRAPHIC NAME
Geographic name Scotland
Chronological subdivision 1999-
690 ## - LOCAL SUBJECT ADDED ENTRY--TOPICAL TERM (OCLC, RLIN)
Topical term or geographic name as entry element BUILT ENVIRONMENT-BUILDING CONTRACT FORMS-STANDARD FORMS OF BUILDING CONTRACT
856 48 - ELECTRONIC LOCATION AND ACCESS
Uniform Resource Identifier <a href="https://www.vlebooks.com/">https://www.vlebooks.com/</a>
Public note View on VLEbooks. Logins for members only from [email protected]
942 ## - ADDED ENTRY ELEMENTS (KOHA)
Suppress in OPAC 0
Holdings
Withdrawn status Lost status Source of classification or shelving scheme Damaged status Not for loan Home library Current library Shelving location Date acquired Total Checkouts Full call number Barcode Date last seen Copy number Price effective from Koha item type
    Dewey Decimal Classification     Virtual Virtual Online 19/07/2010   EBOOK 141871-4001 06/08/2019 1 06/08/2019 Book